Представление документа в формате RUSMARC

ПолеНазваниеЗначение
  Тип записи a
  Библиографический уровень m
001 Контрольный номер RU/УОНБ/EK/521735804
005 Дата корректировки 20250520121947.5
010 Индекс ISBN __
a ISBN 978-5-235-03786-1
d Цена 367 р. 51 к.
9 Тираж 4000 экз.
b Уточнения в пер.
100 Данные общей обработки __
a Данные общей обработки 20150529d2015 u y0rusy0189 ca
101 Язык документа 0_
a Язык текста rus
102 Страна публикации __
a Страна публикации RU
105 Кодированные данные (монография) __
a Кодированные данные (монография) a z 001yb
200 Заглавие и сведения об ответственности 1_
a Заглавие Зощенко
f Первые сведения об ответственности В.Г. Попов
210 Выходные данные 1_
d Дата издания 2015
a Место издания Москва
c Издательство Мол. гвардия
215 Физическое описание __
a Объем 525 с.
c Иллюстрации/тип воспроизводства ил., 8 л. портр.
d Формат 17 см
225 Серия 1_
a Серия Жизнь замечательных людей
e Сведения, относящиеся к заглавию серии сер. биогр.
f Сведения об ответственности осн. в 1890 г. Ф. Павленковым и продолж. в 1933 г. М. Горьким
225 Серия 1_
a Серия Малая серия
v Обозначение тома вып. 83
300 Общие примечания __
a Общие примечания 16+
320 Библиография __
a Библиография Библиогр.: с. 519-521
333 Примечание о целевом назначении __
a Примечание о целевом назначении 16+
600 Персоналии _1
3 Контрольный № нормативной записи RU\NLR\AUTH\661441710
a Персоналии (Фамилия) Зощенко, Михаил Михайлович
f Даты 1895 - 1958
2 Код системы nlr_sh
606 Тематические рубрики 0_
a Основная рубрика Русская литература
z Хронологическая подрубрика 20 в.
610 Ключевые слова 0_
a Ключевые слова Зощенко М.М.
610 Ключевые слова 0_
a Ключевые слова литература русская 20 в.
686 Индексы других классификаций __
a Классификационный индекс 83.3(2=Рус)6-8
2 Код системы rubbk
700 Автор _1
3 Контрольный № нормативной записи RU\NLR\AUTH\776529
a Фамилия Попов
b Имя (инициалы) В.Г.
g Полное личное имя Валерий Георгиевич
c Титул (звания) писатель
f Даты 1939-
702 Вторичная интеллектуальная ответственность _1
3 Контрольный № нормативной записи RU\NLR\AUTH\7710334
a Фамилия Зощенко
b Имя (инициалы) М.М.
g Полное личное имя Михаил Михайлович
f Даты 1894-1958
4 Код отношения 570
801 Источник записи _0
a Страна RU
b Организация РГБ
c Дата составления 20150415
g Правила каталогизации RCR
801 Источник записи _1
a Страна RU
b Организация NLR
c Дата составления 20150415
2 Код формата rusmarc
801 Источник записи _2
a Страна RU
b Организация Ульяновская ОНБ
c Дата составления 20160713
2 Код формата rusmarc
901 Тип документа __
t Тип документа m
909 Создатель записи __
a Создатель записи Мейснер
b Дата создания записи 20161005
938 Служебная информация __
a Имя БД books
b Имя библиотеки УОНБ
c Имя АИБС МАРК-SQL
d Номер DOC_ID в БД 325036